00334nam a2200121Ia 4500008004100000041000800041082001600049100001600065245004500081260005000126300002500176365001100201240624s9999 xx 000 0 und d aeng a346.048 SUB aSUBBARAM NR aDEMYSTIFYING INTELLECTUAL PROPERTY RIGHT c2009aNagpurbLexis Nexis Butterworths Wadhwa a1021 : p. : cm. ; 24 cRSb27